| 000 | 00000nam 2200000za 4500 |
| 001 | 9.579312 |
| 003 | CaOODSP |
| 005 | 20230111144504 |
| 007 | cr ||||||||||| |
| 008 | 150406|2004||||xxc|||||o f|0| 0 eng d |
| 040 | |aCaOODSP|beng |
| 043 | |an-cn--- |
| 086 | 1 |aEn152-1/228-2004E-PDF |
| 110 | 2 |aSt. Lawrence Centre. |
| 245 | 10|aTemporal evolution of the contaminants in suspended solids upstream of Lake Saint-François between 1994 and 1999 / |h[electronic resource]|c[by] Magella Pelletier and Serge Lepage. |
| 260 | |aMontreal - Quebec : |bEnvironment Canada. |cMarch 2004. |
| 300 | |a70p.|bfigs., graphs, map, references, tables |
| 490 | 1 |aScientific and technical report|vST-228E |
| 500 | |aThe catalogue number (En152-1/228-2004E) and ISBN (0-662-36429-5) for the print edition have been incorrectly copied in this electronic publication. |
| 546 | |a(Texte préliminaire et résumé en français.) |
| 590 | |a14-08-Supp|b2014-04-10 |
| 690 | 07|aAquatic ecosystems|2gcpds |
| 690 | 07|aEnvironmental impact|2gcpds |
| 690 | 07|aPollutants|2gcpds |
| 775 | 08|tÉvolution temporelle de la contamination des matières en suspension en amont du lac Saint-François entre 1994 et 1999 / |w(CaOODSP)9.606841 |
| 830 | #0|aScientific and technical report (St. Lawrence Centre)|vST-228E|w(CaOODSP)9.504971 |
| 856 | 40|ahttp://publications.gc.ca|qPDF|s647 KB|uhttps://publications.gc.ca/collections/collection_2014/ec/En152-1-228-2004-eng.pdf|yST-228E |